000 00662nam a2200289Ia 4500
005 20260324131809.0
008 008 260324s9999 xx 000 0 eng d
020 _a9780429482212
037 _aEBOOK
040 _aCRL
040 _beng
040 _cCRL
041 _2eng
041 _aeng
084 _qCRL
100 _aP.C. Sandler
_91157022
245 4 _aThe Language of Bion
245 2 _bA Dictionary of Concepts
260 _bTaylor and Francis
260 _c2005
365 _a
365 _b205
856 _uhttp://www.taylorfrancis.com/books/9780429482212
942 _cEBOOK
999 _c1784369
_d1784369